Bittersweet: stories and poems from scholastic writing awards 1926-1960
Αποθηκεύτηκε σε:
| Μορφή: | Βιβλίο |
|---|---|
| Γλώσσα: | Undetermined |
| Έκδοση: |
New York, Estados Unidos
Scholastic Book Service
1962
|
| Θέματα: | |
| Ετικέτες: |
Προσθήκη ετικέτας
Δεν υπάρχουν, Καταχωρήστε ετικέτα πρώτοι!
|
MARC
| LEADER | 00000nam a2200000Ia 4500 | ||
|---|---|---|---|
| 008 | 170316s9999 xx 000 0 und d | ||
| 040 | |a cru BVZT | ||
| 090 | |a A-810 B-2b | ||
| 245 | |a Bittersweet: stories and poems from scholastic writing awards 1926-1960 | ||
| 260 | |a New York, Estados Unidos | ||
| 260 | |b Scholastic Book Service | ||
| 260 | |c 1962 | ||
| 300 | |a 310 páginas | ||
| 650 | |a LITERATURA ESTADOUNIDENSE | ||
| 650 | |a ANTOLOGÍA | ||
| 999 | |c 12237 |d 12237 | ||
| 942 | |c 15 D |h A-810 B-2b |2 z | ||
